Bezpečnosť prepravy imobilných cestujúcich vo vlakoch prevádzkovaných Železničnou spoločnosťou Slovensko, a. s.

Na minha lista:
Detalhes bibliográficos
Autor principal: Križan, Marek (Author)
Outros Autores: Kusý, Roman (Thesis advisor)
Formato: Manuscrito Livro
Idioma:eslovaco
Publicado em: 2015
Assuntos:
Acesso em linha:http://is.stuba.sk/zp/portal_zp.pl?podrobnosti=96604
Tags: Adicionar Tag
Sem tags, seja o primeiro a adicionar uma tag!

MARC

LEADER 00000ntm a22000003a 4500
001 stuzp51055
003 SK-STU
005 20160719153735.7
007 ta
008 150427s2015----xo-----f-mn---000-0-slo-d
040 |a STU  |b slo 
041 0 |a slo 
100 1 |a Križan, Marek  |u 065000  |4 aut  |U MTF Materiálovotechnologická fakulta  |T MTF Ústav bezpečnosti, environmentu a kvality  |X 47182  |U M5000  |Y 85  |7 47182 
242 0 1 |a Safety of transport of disabled passengers in trains operated by ZSSK, a. s.  |y eng 
245 1 0 |a Bezpečnosť prepravy imobilných cestujúcich vo vlakoch prevádzkovaných Železničnou spoločnosťou Slovensko, a. s. 
260 |c 2015 
650 4 |a cestujúci  |2 slo 
650 4 |a bezpečnosť  |2 slo 
650 4 |a preprava  |2 slo 
650 4 |a transport  |2 eng 
650 4 |a passengers  |2 eng 
650 4 |a safety  |2 eng 
700 1 |a Kusý, Roman  |4 ths  |X 25388  |7 A000025388 
856 4 |u http://is.stuba.sk/zp/portal_zp.pl?podrobnosti=96604 
996 |c M* BP-7473  |l MMSKP  |s P  |a 0  |w stuzp51055_0001 
SQL |a stuzp51055  |b DBP  |c SLO  |d Bezpečnosť prepravy imobilných cestujúcich vo vlakoch prevádzkovaných Železničnou spoločnosťou Slovensko, a. s.  |e 47182  |f Križan, Marek  |g 065000  |h 25388  |i Kusý, Roman  |j 20150623  |k 169  |l 06  |m http://is.stuba.sk/zp/portal_zp.pl?podrobnosti=96604  |n B-BOZ  |o 8.3.5. bezpečnosť a ochrana zdravia pri práci